Sein und sollem eine metaphysische begründung der ethik / (Record no. 31211)
[ view plain ]
| 000 -LEADER | |
|---|---|
| campo de control de longitud fija | 00450nam a2200157 i 4500 |
| 001 - NÚMERO DE CONTROL | |
| campo de control | 31211 |
| 003 - IDENTIFICADOR DE NÚMERO DE CONTROL | |
| campo de control | ES-MaACL |
| 005 - FECHA Y HORA DE LA ÚLTIMA TRANSACCIÓN | |
| campo de control | 20230906154334.0 |
| 007 - CAMPO FIJO DE DESCRIPCIÓN FÍSICA--INFORMACIÓN GENERAL | |
| campo de control de longitud fija | t| |
| 008 - DATOS DE LONGITUD FIJA--INFORMACIÓN GENERAL | |
| campo de control de longitud fija | 030128s1927 gw ||||1| ger d |
| 100 1# - ENTRADA PRINCIPAL--NOMBRE DE PERSONA | |
| Nombre de persona | Behn, Siegfried. |
| 9 (RLIN) | 27056 |
| 245 10 - MENCIÓN DEL TÍTULO | |
| Título | Sein und sollem eine metaphysische begründung der ethik / |
| Mención de responsabilidad, etc. | von Siegfried Behn. |
| 260 ## - PUBLICACIÓN, DISTRIBUCIÓN, ETC. | |
| Lugar de publicación, distribución, etc. | Berlin : |
| Nombre del editor, distribuidor, etc. | Dummler, |
| Fecha de publicación, distribución, etc. | 1927. |
| 300 ## - DESCRIPCIÓN FÍSICA | |
| Extensión | 320 p. ; |
| Dimensiones | 24 cm. |
| 852 ## - LOCALIZACIÓN | |
| Ubicación | ES-MaACL |
| Número de control de estantería | F-15259 |
| Sublocalización o colección | R.18946 |
| Estatus retirado | Estado de pérdida | Estado de daño | No para préstamo | Biblioteca de origen | Biblioteca actual | Ubicación en estantería | Fecha de adquisición | Fuente de adquisición | Total de préstamos | Signatura topográfica completa | Código de barras | Visto por última vez | Precio de reemplazo | Tipo de ítem Koha |
|---|---|---|---|---|---|---|---|---|---|---|---|---|---|---|
| Biblioteca del Ateneo de Madrid | Biblioteca del Ateneo de Madrid | Sala Pecera Planta 2 | 17/01/2008 | F-15259 | 1032244 | 23/02/2023 | 23/02/2023 | Libro impreso |
